Podoby slovenskej detskej knihy

Bibliographic Details
Main Author: Klaučo, Juraj, 1933- (Author)
Format: Article
Language:Slovak
Subjects:

MARC

LEADER 00000nab a2200000 a 4500
001 vtls000069445
003 SK-MaSNL
005 20260304215112.0
008 111103c1980 xo 0 slo
015 |a SNBRB19rr/mm-uuuuu 
035 |a CL0079545 
040 |a SNKBUCL  |b slo  |c SNKBUCL  |e AACR2 
041 0 |a slo 
044 |a xo  |c SK 
080 |a 82:74  |2 1981 
080 |a 74  |2 1981 
100 1 |a Klaučo, Juraj,  |d 1933-  |4 aut  |9 265396 
245 1 0 |a Podoby slovenskej detskej knihy  |c Juraj Klaučo 
650 0 7 |a knihy detské  |2 snkbucl  |9 1291167 
650 0 7 |a knižná grafika  |2 snkbucl  |9 2745 
650 0 7 |a ilustrácie  |2 snkbucl  |9 2743 
650 0 7 |a literatúra pre deti a mládež  |2 snkbucl  |9 21893 
655 7 |a články z novín a časopisov  |2 snkbucl  |9 267496 
655 7 |a články z odboru literárna veda a krásna literatúra  |2 snkbucl  |9 770045 
773 0 |t Pravda  |g Roč. 61, č. 234 (3. 10. 1980), s. 5 
850 |a Slovenská národná knižnica v Martine  |a MTA001 
852 |a SNK  |b KIS3GCP 
958 |a RK 
958 |a LX 
992 |a RBX 
999 |c 3144807  |d 3146737